000 00443nam a2200157 a 4500
001 BRCA_8875
005 20190320210438.0
008 140617s--------sp-#######---#000-0#spa-#
041 _aspa
084 _aBE258
_b.P46
245 1 0 _aEl pensador
300 _a331 p. (t.1)
_c15.4 x 10.4 cm
500 _aEstado físico: presenta encuadernación en pergamino, con presencia del pez de plata y carece de portada
902 _aCFM
942 _2lcc
_cB
999 _c8526
_d8526